000 01020nam a22002417a 4500
999 _c64376
_d64376
005 20240530110728.0
008 150330s2007 ua adk g 000 0 ara d
017 _a2007/2477
_bمصر . دار الكتب المصرية
020 _a9774084454
040 _aEG-CaGPL
082 0 4 _221
_a005.3\
_bج م
100 1 _aجوكين ، دان
245 1 0 _aمايكروسوفت اوفيس وورد 2007 فورداميز /
_cتاليف دان جوكين ؛ الترجمة باعتماد خالد العامرى ، قسم الترجمة بدار الفاروق
250 _aط.1
260 _aاالقاهرة :
_bدار الفاروق للاستثمارات الثقافية ،
_c2007 .
300 _a448 ص :
_bايض ؛
_c24 سم
650 0 4 _aالحاسبات الالكترونية
_xبرامج
650 0 4 _aوورد 2007 ( برامج حاسبات )
650 0 4 _aنظم المعلومات
700 1 _aخالد العامرى
_eمترجم
942 _2ddc
_cBK